Minecraft Stones, Minerals, and Ores - Statistics

General Stats
  • This quiz has been taken 181 times
    139 since last reset
  • The average score is 17 of 34
Answer Stats
Type Answer % Correct
Ore Gold
98%
Ore Diamond
93%
Ore Iron
91%
Ore Copper
84%
Ore Emerald
84%
Ore Coal
82%
Ore Redstone
82%
Stone Stone
80%
Stone Cobblestone
74%
Stone Granite
68%
Ore Quartz
67%
Stone Andesite
62%
Stone Diorite
62%
Stone Deepslate
60%
Ore Ancient Debris
55%
Ore Lapis Lazuli
55%
Mineral Amethyst
48%
Ore Nether Gold
41%
Ore Deepslate Emerald
38%
Ore Deepslate Gold
37%
Ore Deepslate Iron
36%
Ore Deepslate Coal
35%
Ore Deepslate Copper
35%
Ore Deepslate Diamond
35%
Ore Deepslate Redstone
35%
Stone Tuff
30%
Mineral Calcite
27%
Stone Sandstone
26%
Stone Obsidian
24%
Ore Deepslate Lapis Lazuli
23%
Stone Bedrock
20%
Stone Endstone
19%
Stone Smooth Stone
17%
Stone Dripstone Block
6%
No matching quizzes found
Score Distribution
Percent of People with Each Score
Percentile by Number Answered
Your Score History
You have not taken this quiz since the last reset